|
|
|
|
| LEADER |
02175nam a2200493 i 4500 |
| 001 |
EBC31054997 |
| 003 |
MiAaPQ |
| 005 |
20240119114152.0 |
| 006 |
m o d | |
| 007 |
cr cnu|||||||| |
| 008 |
240119s2024 enka o 001 0 eng d |
| 020 |
|
|
|z 9781032559124
|q (print)
|
| 020 |
|
|
|a 9781003858416
|q (electronic bk.)
|
| 035 |
|
|
|a (MiAaPQ)EBC31054997
|
| 035 |
|
|
|a (Au-PeEL)EBL31054997
|
| 035 |
|
|
|a (OCoLC)1417194919
|
| 040 |
|
|
|a MiAaPQ
|b eng
|e rda
|e pn
|c MiAaPQ
|d MiAaPQ
|
| 043 |
|
|
|a fs-----
|
| 050 |
|
4 |
|a NA9348.A356
|b .M668 2024
|
| 082 |
0 |
|
|a 725/.940968
|2 23
|
| 245 |
0 |
0 |
|a Monuments and Memory in Africa :
|b Reflections on Coloniality and Decoloniality /
|c edited by John Sodiq Sanni and Madalitso Zililo Phiri.
|
| 250 |
|
|
|a First edition.
|
| 264 |
|
1 |
|a Abingdon, England :
|b Routledge,
|c [2024]
|
| 264 |
|
4 |
|c Ã2024
|
| 300 |
|
|
|a 1 online resource (xiv, 168 pages) :
|b illustrations.
|
| 336 |
|
|
|a text
|b txt
|2 rdacontent
|
| 337 |
|
|
|a computer
|b c
|2 rdamedia
|
| 338 |
|
|
|a online resource
|b cr
|2 rdacarrier
|
| 490 |
1 |
|
|a Routledge Contemporary Africa Series
|
| 500 |
|
|
|a Includes index.
|
| 588 |
|
|
|a Description based on print version record.
|
| 590 |
|
|
|a Electronic reproduction. Ann Arbor, MI : ProQuest, 2018. Available via World Wide Web. Access may be limited to ProQuest affiliated libraries.
|
| 650 |
|
0 |
|a Monuments
|x Political aspects
|z Africa, Southern.
|
| 650 |
|
0 |
|a Memorials
|x Political aspects
|z Africa, Southern.
|
| 650 |
|
0 |
|a Collective memory
|z Africa, Southern.
|
| 650 |
|
0 |
|a Postcolonialism
|z Africa, Southern.
|
| 651 |
|
0 |
|a Africa, Southern
|x Colonial influence.
|
| 655 |
|
4 |
|a Electronic books.
|
| 700 |
1 |
|
|a Sanni, John Sodiq,
|e editor.
|
| 700 |
1 |
|
|a Phiri, Madalitso Zililo,
|e editor.
|
| 776 |
0 |
8 |
|i Print version:
|t Monuments and Memory in Africa : Reflections on Coloniality and Decoloniality.
|b First edition.
|d Abingdon, England : Routledge, c2024
|h xiv, 168 pages
|k Routledge contemporary Africa series.
|z 9781032559124
|w (DLC) 2023044621
|
| 797 |
2 |
|
|a ProQuest (Firm)
|
| 830 |
|
0 |
|a Routledge contemporary Africa series.
|
| 856 |
4 |
0 |
|u https://ebookcentral.proquest.com/lib/matrademy/detail.action?docID=31054997
|z Click to View
|